| 000 | 01333cam a2200337 a 4500 | ||
|---|---|---|---|
| 001 | EDZ0000063878 | ||
| 003 | StDuBDS | ||
| 005 | 20161031105210.0 | ||
| 006 | m||||||||d|||||||| | ||
| 007 | cr ||||||||||| | ||
| 008 | 120326s1998 enk fo| 001|0|eng d | ||
| 020 |
_a9781446217719 (ebook) : _cNo price |
||
| 040 |
_aStDuBDS _beng _cStDuBDS _epn |
||
| 049 | _aAlfaisal Main Library | ||
| 050 | 0 |
_aBF531 _b.L87 1998 |
|
| 082 | 0 | 4 |
_a306.4 _223 |
| 100 | 1 | _aLupton, Deborah. | |
| 245 | 1 | 4 |
_aThe emotional self _h[electronic resource] : _ba sociocultural exploration / _cDeborah Lupton. |
| 260 |
_aLondon : _bSAGE, _c1998. |
||
| 300 | _a1 online resource ([vii], 195 p.) | ||
| 504 | _aIncludes bibliographical references and index. | ||
| 520 | 8 | _aIn this original study into the nature of the emotional self Lupton places strong emphasis on language and discourse while acknowledging the sensual, embodied and unconscious dimensions of emotional experience. | |
| 521 | _aSpecialized. | ||
| 588 | _aDescription based on print version record. | ||
| 650 | 0 |
_aEmotions _xSociological aspects. |
|
| 655 | 7 |
_aElectronic books. _2local |
|
| 710 | 2 | _aSage eBooks | |
| 776 | 0 | 8 |
_iPrint version : _z9780761956020 |
| 856 | 4 | 0 | _uhttp://ezproxy.alfaisal.edu/login?url=http://sk.sagepub.com/books/the-emotional-self |
| 942 |
_2lcc _cEBOOKS |
||
| 999 |
_c481500 _d481500 |
||